El Amor y el humor todo lo pueden / (Record no. 2411)
[ view plain ]
| 000 -CABECERA | |
|---|---|
| campo de control de longitud fija | 00599cam a2200181 a 4500 |
| 001 - NÚMERO DE CONTROL | |
| campo de control | 000002575 |
| 005 - FECHA Y HORA DE LA ÚLTIMA TRANSACCIÓN | |
| campo de control | 20200929150221.0 |
| 008 - DATOS DE LONGITUD FIJA--INFORMACIÓN GENERAL | |
| campo de control de longitud fija | 030411s2002 cu a 000 0 spa |
| 020 ## - NÚMERO INTERNACIONAL ESTÁNDAR DEL LIBRO | |
| Número Internacional Estándar del Libro | 9590105025 |
| 040 ## - FUENTE DE LA CATALOGACIÓN | |
| Centro catalogador/agencia de origen | DO-SdBNP |
| Lengua de catalogación | spa |
| Centro/agencia transcriptor | BNPHU |
| 082 ## - NÚMERO DE LA CLASIFICACIÓN DECIMAL DEWEY | |
| Número de clasificación | 808.7 |
| Número de documento/Ítem | H557a |
| 100 1# - ENTRADA PRINCIPAL--NOMBRE DE PERSONA | |
| Nombre de persona | Hernández Nordelo, Gerardo |
| Fechas asociadas al nombre | 1965- |
| 9 (RLIN) | 8107 |
| 245 13 - MENCIÓN DE TÍTULO | |
| Título | El Amor y el humor todo lo pueden / |
| Mención de responsabilidad, etc. | Gerardo Hernández Nordelo. |
| 260 ## - PUBLICACIÓN, DISTRIBUCIÓN, ETC. | |
| Lugar de publicación, distribución, etc. | Ciudad de La Habana [Cuba] : |
| Nombre del editor, distribuidor, etc. | Editora Palante : |
| -- | Editora Política, |
| Fecha de publicación, distribución, etc. | 2002. |
| 300 ## - DESCRIPCIÓN FÍSICA | |
| Extensión | 151 p. : |
| Otras características físicas | il. ; |
| Dimensiones | 22 cm. |
| 650 #4 - PUNTO DE ACCESO ADICIONAL DE MATERIA--TÉRMINO DE MATERIA | |
| Término de materia o nombre geográfico como elemento de entrada | Humorismo gráfico |
| 9 (RLIN) | 7199 |
| 650 #4 - PUNTO DE ACCESO ADICIONAL DE MATERIA--TÉRMINO DE MATERIA | |
| Término de materia o nombre geográfico como elemento de entrada | Humorismo cubano |
| 9 (RLIN) | 8108 |
| Estado de retiro | Estado de pérdida | Restricciones de uso | No para préstamo | Código de colección | Localización permanente | Ubicación/localización actual | Ubicación en estantería | Fecha de adquisición | Número de inventario | Total de préstamos | Signatura topográfica completa | Código de barras | Fecha visto por última vez | Precio válido a partir de | Tipo de ítem Koha | Número de copia |
|---|---|---|---|---|---|---|---|---|---|---|---|---|---|---|---|---|
| Préstamo interno | Monografías: Libros y Folletos | General | General | Depósito | 03.07.2009 | LF1 | 808.7 H557a | 2575-10 | 25.06.2020 | 25.06.2020 | Préstamo interno | |||||
| Préstamo restringido | Préstamo restrigido | Monografías: Libros y Folletos | General | General | Depósito | 03.07.2009 | LF1 | 808.7 H557a | 2575-20 | 25.06.2020 | 25.06.2020 | Préstamo interno | e.2 | |||
| Préstamo interno | Monografías: Libros y Folletos | General | General | Depósito | 03.07.2009 | LF1 | 808.7 H557a | 2575-30 | 25.06.2020 | 25.06.2020 | Préstamo interno | e.3 |
